000 00614nam a2200157Ia 4500
008 231221s9999 xx 000 0 und d
020 _a978-3-642-38676-3
041 _aEnglish
100 _aJames Noble, Ralph Johnson, Uwe Zdun, Eugene Wallingford
245 0 _aTransactions on Pattern Languages of Programming III
260 _c2013
_bSpringer US
_aNew York
440 _aLecture Notes in Computer Science
650 _aComputer Science
650 _aSoftware Engineering; Programming Languages, Compilers, Interpreters; Programming Techniques; Management of Computing and Information Systems
942 _cEB
999 _c225102
_d225102